Metodología para la ubicación de los sitios que deben ser intervenidos en razón de que poseen una alta tasa de accidentabilidad y deficiencias en la geometría de la carretera
Uloženo v:
| Hlavní autor: | |
|---|---|
| Médium: | Kniha |
| Jazyk: | Spanish |
| Vydáno: |
[San José], Costa Rica
2015
|
| Témata: | |
| Tagy: |
Přidat tag
Žádné tagy, Buďte první, kdo vytvoří štítek k tomuto záznamu!
|
MARC
| LEADER | 00000nam a22000007a 4500 | ||
|---|---|---|---|
| 003 | 012320 | ||
| 005 | 20221231144035.0 | ||
| 008 | 160203b2015 cr ab||| |||| 00| ||spa d | ||
| 040 | |c cru CEDI | ||
| 090 | |a TFG 7484 | ||
| 100 | |9 2978 |a Segura Rodríguez, Luz Elena | ||
| 245 | |a Metodología para la ubicación de los sitios que deben ser intervenidos en razón de que poseen una alta tasa de accidentabilidad y deficiencias en la geometría de la carretera | ||
| 260 | |a [San José], Costa Rica |c 2015 | ||
| 500 | |a Proyecto de graduación (licenciatura en ingeniería civil)--Universidad de Costa Rica. Facultad de Ingeniería. Escuela de Ingeniería Civil | ||
| 650 | |x CONSTRUCCION DE CARRETERAS - COSTA RICA |x CONSTRUCCION DE CARRETERAS - MANUALES |x DIBUJO GEOMETRICO |x INGENIERÍA DE CARRETERAS - COSTA RICA |x SEGURIDAD VIAL - COSTA RICA |9 2979 | ||
| 942 | |c BK |2 ddc | ||
| 999 | |c 16012 |d 16012 | ||
